| 000 | 00535nas a22001697a 4500 | ||
|---|---|---|---|
| 008 | 210325b th ||||| |||| 00| 0 tha d | ||
| 022 | _a16852923 | ||
| 041 | 0 | _atha | |
| 245 | 1 | 0 | _aวารสารวิจัยวิทยาศาสตร์ (Section T) |
| 260 | 3 | _bบริษัทสรรพสาส์นวิชาการ(2004)จำกัด | |
| 310 | _aรายสี่เดือน | ||
| 850 | _aNALT | ||
| 942 | _cJNR | ||
| 997 | _c42446 | ||
| 999 |
_c82446 _d82446 |
||